Probability and statistics for computer scientists

Salvato in:
Dettagli Bibliografici
Autore principale: BARON, Michael
Natura: Libro
Lingua:inglese
Pubblicazione: CRC Press 2019
Tags: Aggiungi Tag
Nessun Tag, puoi essere il primo ad aggiungerne!!

MARC

LEADER 00000nam a22000007a 4500
008 230221b |||||||| |||| 00| 0 eng d
020 |a 9781138044487 
100 |a BARON, Michael 
245 |a Probability and statistics for computer scientists  |c Michael Baron  |g xix, 465 p:ill 
250 |b 3rd 
260 |b CRC Press  |c 2019  |h Boca Raton  |i 699772  |i 699699773  |l QA273.B23  |m Probabilities- Textbooks  |m Mathematical Statistics- Textbooks  |m Probabilities- Computer simulation -Textbooks  |m Mathematical Statistics- Computer simulation -Textbooks 
500 |a Includes index 
942 |a lcc  |c BK  |e Johnson  |f 21/02/23 
952 |0 0  |1 0  |2 lcc  |4 0  |6 QA0273 B23  |7 0  |9 4201  |a SL  |b HOL  |c QZ  |d 2023-02-21  |l 0  |o QA273.B23  |p 2023-0131  |r 2023-02-21 00:00:00  |t 699772  |w 2023-02-21  |y BK 
952 |0 0  |1 0  |2 lcc  |4 0  |6 QA0273 B23  |7 0  |9 4202  |a HOL  |b HOL  |c QZ  |d 2023-02-21  |l 0  |o QA273.B23  |p 2023-0132  |r 2023-02-21 00:00:00  |t 699773  |w 2023-02-21  |y BK 
999 |c 2105  |d 2105